000 004310000a22001690004500
041 0 _aENG
082 0 4 _aG 266.0092 W919d
100 1 _aWorcester, J. H.
245 1 0 _aThe life of David Livingstone / J. H. Worcester
260 _aChicago, ILL., USA : Moody
300 _a127 Pag
001 7530
942 _cBK
999 _c37741
_d37741
336 _atexto
_btxt
_2rdacontent
337 _2rdamedia
_asin mediación
_bn
338 _2rdacarrier
_avolumen
_bnc